Flags of Every First Level Subdivision G-M - Statistics

General Stats
  • This quiz has been taken 24 times
  • The average score is 25 of 467
Answer Stats
Picture Hint Answer % Correct
Sardigna
57%
Hokkaido
50%
Sicilia
50%
Abruzzo
43%
Aomori
36%
Bali
36%
Hiroshima
36%
Tokyo
36%
Toscana
36%
Veneto
36%
Aichi
29%
Akita
29%
Astana
29%
Campania
29%
Chiba
29%
Ehime
29%
Emilia-Romagna
29%
Fukui
29%
Fukuoka
29%
Fukushima
29%
Gifu
29%
Hyōgo
29%
Ibaraki
29%
Johor
29%
Kagawa
29%
Kagoshima
29%
Kanagawa
29%
Kuala Lumpur
29%
Kyoto
29%
Lombardia
29%
Yucatán
29%
Aceh
21%
Baikonur
21%
Bikini Atoll
21%
Budapest
21%
Calabria
21%
Chuuk
21%
Friuli-Venezia Giulia
21%
Gunma
21%
Ishikawa
21%
Iwate
21%
Kouchi
21%
Kumamoto
21%
Lazio
21%
Liguria
21%
Mie
21%
Miyagi
21%
Miyazaki
21%
Molise
21%
Nagano
21%
Nara
21%
Osaka
21%
Piemont
21%
Sarawak
21%
Trentino-Alto Adige
21%
Yap
21%
Almaty
14%
Arunachal Pradesh
14%
Basilicata
14%
Bomi
14%
Bong
14%
Gbarpolu
14%
Grand Bassa
14%
Grand Gedeh
14%
Grand Kru
14%
Kelantan
14%
Kosrae
14%
Nagasaki
14%
Niigata
14%
Okayama
14%
Okinawa
14%
Ouita
14%
Rodrigues
14%
Sabah
14%
Saga
14%
Saitama
14%
Shiga
14%
Shimane
14%
Shizuoka
14%
Tochigi
14%
Tokushima
14%
Tottori
14%
Toyama
14%
Umbria
14%
Wakayama
14%
Yamagata
14%
Yamaguchi
14%
Yamanashi
14%
Yogyakarta
14%
Ādaži
7%
De facto Aguascalientes
7%
Aktobe
7%
Alytus
7%
Andaman and Nicobar Islands
7%
Assam
7%
Babil
7%
Baja California Sur
7%
Barima-Waini
7%
Basra
7%
Batken
7%
Beirut
7%
Bishkek
7%
Central Java
7%
Central Kalimantan
7%
Central Papua
7%
Chüy
7%
De facto Ciudad de México
7%
Colima
7%
Delhi
7%
Demerara-Mahaica
7%
Diyala
7%
Durango
7%
East Berbice-Corentyne
7%
East Java
7%
East Kalimantan
7%
Ebon
7%
Essequibo Islands-West Demerara
7%
Grand Cape Mount
7%
Guerrero
7%
Gujarat
7%
Jalisco
7%
Jammu and Kashmir
7%
Kajiado
7%
Kaunas
7%
Kedah
7%
Kerala
7%
Labuan
7%
Lofa
7%
Malacca
7%
Marche
7%
Margibi
7%
Maryland
7%
Montserrado
7%
Negeri Sembilan
7%
Nimba
7%
Pahang
7%
Penang
7%
Perak
7%
Perlis
7%
Pohnpei
7%
Puducherry
7%
Puglia
7%
Punjab
7%
Putrajaya
7%
Reykjavík
7%
Rivercess
7%
River Gee
7%
Selangor
7%
Sinoe
7%
Tamil Nadu
7%
Terengganu
7%
Uttar Pradesh
7%
Valle d'Aosta
7%
Ysyk-Köl
7%
Addu
0%
Ahmadi
0%
Ailinglaplap
0%
Ailuk
0%
Aizkraukle
0%
Akranes
0%
Akureyri
0%
Al Anbar
0%
Almaty Region
0%
Alūksne
0%
Andhra Pradesh
0%
Ānewetak
0%
Árborg
0%
Árneshreppur
0%
Arno
0%
Atlántida
0%
Atyrau
0%
Augšdaugava
0%
Bács-Kiskun
0%
Baghdad
0%
Balvi
0%
Balzers
0%
Bangka Belitung Islands
0%
Banten
0%
Baranya
0%
Baringo
0%
Bauska
0%
Békés
0%
Bengkulu
0%
Bihar
0%
Bolungarvík
0%
Bomet
0%
Borsod–Abaúj–Zemplén
0%
Bungoma
0%
Busia
0%
Central Sulawesi
0%
Cēsis
0%
Chandigarh
0%
Chhattisgarh
0%
De facto Chiapas
0%
De facto Chihuahua
0%
Choluteca
0%
Coahuila
0%
Colón
0%
Comayagua
0%
Copán
0%
Cortés
0%
Csongrád-Csanád
0%
Cuyuni-Mazaruni
0%
Dadra and Nagar Haveli and Daman and Diu
0%
Dakhlet Nouadhibou
0%
Dalabyggð
0%
Dalvíkurbyggð
0%
Daugavpils
0%
Dobele
0%
East Nusa Tenggara
0%
Elgeyo-Marakwet
0%
El Paraíso
0%
Embu
0%
Eschen
0%
Eyjafjarðarsveit
0%
Fejér
0%
Fjallabyggð
0%
Fjarðabyggð
0%
Francisco Morazán
0%
Fuvahmulah
0%
Gamprin
0%
Garðabær
0%
Garissa
0%
Goa
0%
Gorontalo
0%
Gozo
0%
Gracias a Dios
0%
Grindavík
0%
Guanajuato
0%
Gulbene
0%
Győr–Moson–Sopron
0%
Hafnarfjörður
0%
Hajdú-Bihar
0%
Hanover
0%
Haryana
0%
Heves
0%
De facto Hidalgo
0%
Highland Papua
0%
Himachal Pradesh
0%
Homa Bay
0%
Hornafjörður
0%
Húnaþing Vestra
0%
Hvalfjarðarsveit
0%
Hveragerði
0%
Ísafjarðarbær
0%
Isiolo
0%
Islas de la Bahía
0%
Jabat
0%
Jakarta
0%
Jalal-Abad
0%
Jaluit
0%
Jambi
0%
Jász–Nagykun–Szolnok
0%
Jēkabpils
0%
Jelgava
0%
Jelgava
0%
Jharkhand
0%
Jūrmala
0%
Kakamega
0%
Karaganda
0%
Karnataka
0%
Ķekava
0%
Kericho
0%
Kiambu
0%
Kilifi
0%
Kingston and St. Andrew
0%
Kirinyaga
0%
Kirkuk
0%
Kisii
0%
Kisumu
0%
Kitui
0%
Kjósarhreppur
0%
Klaipėda
0%
Komárom-Esztergom
0%
Kópavogur
0%
Kostanay
0%
Krāslava
0%
Kwajalein
0%
Kwale
0%
Ladakh
0%
Laikipia
0%
Lakshadweep
0%
Lampung
0%
Lamu
0%
La Paz
0%
Lempira
0%
Liepāja
0%
Limbaži
0%
Līvāni
0%
Ludza
0%
Maalhosmadulu Dhekunuburi
0%
Machakos
0%
Madhya Pradesh
0%
Mahaica-Berbice
0%
Maharashtra
0%
Maiana
0%
Majuro
0%
Makueni
0%
Malé
0%
Maluku
0%
Mandera
0%
Manipur
0%
Marijampolė
0%
Marsabit
0%
Mārupe
0%
Mauren
0%
Meghalaya
0%
Mejit
0%
Meru
0%
De facto México
0%
De facto Michoacán de Ocampo
0%
Migori
0%
Mili
0%
Mizoram
0%
Mombasa
0%
De facto Morelos
0%
Mosfellsbær
0%
Mubārak al-Kabīr
0%
Mulak Atholhu
0%
Murang'a
0%
Muthanna
0%
Nagaland
0%
Nairobi
0%
Najaf
0%
Nakuru
0%
Namorik
0%
Namu
0%
Nandi
0%
Narok
0%
Naryn
0%
De facto Nayarit
0%
Nikunau
0%
Nineveh
0%
Nógrád
0%
Northern
0%
North Kalimantan
0%
North Maluku
0%
North Sulawesi
0%
North Sumatra
0%
Nouakchott
0%
De facto Nuevo León
0%
Nyamira
0%
Nyandarua
0%
Nyeri
0%
Oaxaca
0%
Ocotepeque
0%
Odisha
0%
Ogre
0%
Olaine
0%
Olancho
0%
Ölfus
0%
Onotoa
0%
Osh
0%
Panevėžys
0%
Papua
0%
Pavlodar
0%
Pest
0%
Planken
0%
Pomeroon-Supenaam
0%
Potaro-Siparuni
0%
Preiļi
0%
De facto Puebla
0%
Querétaro
0%
Quintana Roo
0%
Qyzylorda
0%
Rajasthan
0%
Rangárþing Eystra
0%
Rangárþing Ytra
0%
Reykjanesbær
0%
Rēzekne
0%
Rēzekne
0%
Riau
0%
Riau Islands
0%
Riga
0%
Rongelap
0%
Ropaži
0%
Ruggell
0%
Salah Al-Din
0%
Salaspils
0%
Saldus
0%
Samburu
0%
De facto San Luis Potosí
0%
Santa Bárbara
0%
Saulkrasti
0%
Schaan
0%
Schellenberg
0%
Seltjarnarnes
0%
Šiauliai
0%
Siaya
0%
Sigulda
0%
Sikkim
0%
De facto Sinaloa
0%
Skagafjörður
0%
Skagaströnd
0%
Smiltene
0%
Snæfellsbær
0%
Somogy
0%
De facto Sonora
0%
Southeast Sulawesi
0%
Southern
0%
South Kalimantan
0%
South Kurzeme
0%
South Papua
0%
South Sulawesi
0%
South Sumatra
0%
Southwest Papua
0%
Strandabyggð
0%
Stykkishólmur
0%
Suðurnesjabær
0%
Szabolcs–Szatmár–Bereg
0%
Tabasco
0%
Taita Taveta
0%
Talas
0%
Talsi
0%
Tamana
0%
Tamaulipas
0%
Tana River
0%
Tauragė
0%
Telangana
0%
Telšiai
0%
Tharaka-Nithi
0%
Tlaxcala
0%
Tolna
0%
Trans-Nzoia
0%
Triesen
0%
Triesenberg
0%
Tripura
0%
Tukums
0%
Turkana
0%
Uasin Gishu
0%
Ujae
0%
Upper Demerara-Berbice
0%
Upper Takutu-Upper Essequibo
0%
Utena
0%
Utrik
0%
Uttarakhand
0%
Vaduz
0%
Valka
0%
Valle
0%
Valmiera
0%
Vas
0%
Ventspils
0%
Ventspils
0%
De facto Veracruz de Ignacio de la Llave
0%
Vestmannaeyjar
0%
Vesturbyggð
0%
Veszprém
0%
Vihiga
0%
Vilnius
0%
Vogar
0%
Vopnafjörður / Vopnafjarðarhreppur
0%
Wajir
0%
Wasit
0%
West Bengal
0%
West Java
0%
West Kalimantan
0%
West Nusa Tenggara
0%
West Papua
0%
West Pokot
0%
West Sulawesi
0%
West Sumatra
0%
Wiltz
0%
Wotho
0%
Wotje
0%
Yoro
0%
De facto Zacatecas
0%
Zala
0%
No matching quizzes found
Score Distribution
Percent of People with Each Score
Percentile by Number Answered
Your Score History
You have not taken this quiz